00586nam a2200205Ia 450000500170000000800410001704000190005804100120007708200130008910000160010224500420011826000640016030000120022444000140023650400500025065000140030065100250031470000310033985000100037020230819120610.0131103s9999 xx 000 0 und d aLoreto College aEnglish a911bMOO aMoodie,A.E. aGeography behind politicscA.E.Moodie aLondonbHutchinson University Libraryc1949 (1961 printing) a178 p.  aGeography aIncludes bibliographical references and index aGeography aHistorical Geography aWooldridge,S.W.,series ed. aLCLIB